Iba komplex opatrení zvýši prírastky Efektívnejšie využívajme kŕmne zmesi vo výžive zvierat

Bibliographic Details
Main Author: Filkorn, Pavel (Author)
Format: Article
Language:Slovak
Subjects:

MARC

LEADER 00000nab a2200000 a 4500
001 vtls000341887
003 SK-MaSNL
005 20260302230223.0
008 111201c1989 xo 0 slo
015 |a SNBRB19rr/mm-uuuuu 
035 |a CL0342009 
040 |a SNKBUCL  |b slo  |c SNKBUCL  |e AACR2 
041 0 |a slo 
044 |a xo  |c SK 
080 |a 636.084/.085:631.16  |2 1981 
080 |a 631.16  |2 1981 
100 1 |a Filkorn, Pavel  |4 aut  |9 6850 
245 1 0 |a Iba komplex opatrení zvýši prírastky  |b Efektívnejšie využívajme kŕmne zmesi vo výžive zvierat  |c Pavel Filkorn 
650 0 7 |a výživa zvierat  |2 snkbucl  |9 19194 
650 0 7 |a kŕmne zmesi  |2 snkbucl  |9 71250 
655 7 |a články z novín a časopisov  |2 snkbucl  |9 267496 
773 0 |t Roľnícke noviny  |g Roč. 44, č. 26 (31. 1. 1989) 
850 |a Slovenská národná knižnica v Martine  |a MTA001 
852 |a SNK  |b KIS3GCP 
958 |a RK 
992 |a RBX 
999 |c 1532747  |d 1534677